000 00304nam a2200121Ia 4500
008 190216s9999||||xx |||||||||||||| ||und||
100 _aDelbert A Snider
245 0 _aIntroduction To International Economics
260 _bSurjeet Pubs.Delhi
_c1987
300 _a454p
650 _aEconomics
942 _cBK
999 _c10234
_d10234